Macroeconomics: (Record no. 164515)

MARC details
000 -LEADER
fixed length control field 00667nam a22002297a 4500
003 - CONTROL NUMBER IDENTIFIER
control field OSt
020 ## - INTERNATIONAL STANDARD BOOK NUMBER
International Standard Book Number 9789385401350
082 ## - DEWEY DECIMAL CLASSIFICATION NUMBER
Classification number 339
Item number AHU/MA
100 ## - MAIN ENTRY--PERSONAL NAME
Personal name Ahuja, H L
245 ## - TITLE STATEMENT
Title Macroeconomics:
Remainder of title theory and policy
250 ## - EDITION STATEMENT
Edition statement 20
260 ## - PUBLICATION, DISTRIBUTION, ETC. (IMPRINT)
Place of publication, distribution, etc New Delhi
Name of publisher, distributor, etc S Chand and company Limited
Date of publication, distribution, etc 1986
300 ## - PHYSICAL DESCRIPTION
Extent 936p.
500 ## - GENERAL NOTE
General note Based mainly on UGC model curriculum
546 ## - LANGUAGE
Language note English
650 ## - SUBJECT ADDED ENTRY--TOPICAL TERM
Topical term or geographic name as entry element Nature and scope of macroeconomics
650 ## - SUBJECT ADDED ENTRY--TOPICAL TERM
Topical term or geographic name as entry element The classical full employment model
650 ## - SUBJECT ADDED ENTRY--TOPICAL TERM
Topical term or geographic name as entry element Monetary demand and supply
650 ## - SUBJECT ADDED ENTRY--TOPICAL TERM
Topical term or geographic name as entry element Money, Prices and Inflation
650 ## - SUBJECT ADDED ENTRY--TOPICAL TERM
Topical term or geographic name as entry element Business cycles and macroeconomic policy
942 ## - ADDED ENTRY ELEMENTS (KOHA)
Source of classification or shelving scheme Dewey Decimal Classification
Koha item type Books (General)
Holdings
Lost status Source of classification or shelving scheme Damaged status Not for loan Collection code Home library Current library Shelving location Date acquired Cost, normal purchase price Total Checkouts Total Renewals Full call number Barcode Date last seen Date last borrowed Koha item type
  Dewey Decimal Classification     General KAU Central Library, Thrissur KAU Central Library, Thrissur General 23/07/2019 625.00 8 4 339 AHU/MA 229231 22/10/2025 11/08/2025 Books (General)
  Dewey Decimal Classification     General KAU Central Library, Thrissur KAU Central Library, Thrissur General 23/07/2019 625.00 9   339 AHU/MA 229229 02/08/2024 02/08/2024 Books (General)
  Dewey Decimal Classification     General KAU Central Library, Thrissur KAU Central Library, Thrissur General 23/07/2019 625.00 10 4 339 AHU/MA 229230 31/12/2025 16/10/2025 Books (General)
Kerala Agricultural University Central Library
Thrissur-(Dt.), Kerala Pin:- 680656, India
Ph : (+91)(487) 2372219
E-mail: librarian@kau.in
Website: http://library.kau.in/